| 000 | 00550nam a2200181 i 4500 | ||
|---|---|---|---|
| 001 | 76854 | ||
| 003 | ES-MaACL | ||
| 007 | t| | ||
| 008 | 041005s1969 fr ||||1| fre d | ||
| 100 | 1 |
_aGuignebert, Charles. _960664 |
|
| 245 | 1 | 3 |
_aLe Christ / _cCharles Guignebert. |
| 260 |
_a[Paris] : _bAlbin Michel, _c[1969] ( _eSaint Amand : _fBussière) |
||
| 300 |
_a444 p. ; _c18 cm. |
||
| 490 | 1 |
_aL'évolution de l'humanité ; _v15 |
|
| 830 | 0 |
_aL'évolution de l'humanité ; _v15 _9181507 |
|
| 852 |
_aES-MaACL _jE-5455 _bR.89824 |
||
| 999 |
_c76854 _d76854 |
||